Della eccellenza e dignità delle donne

Guardat en:
Dades bibliogràfiques
Autor principal: Capra, Galeazzo Flavio (Autor)
Format: Llibre
Idioma:italià
Publicat: Roma, Italia. Bulzoni Editore, 2001
Edició:2a. ed
Col·lecció:Biblioteca del Cinquecento, 40
Matèries:
Etiquetes: Afegir etiqueta
Sense etiquetes, Sigues el primer a etiquetar aquest registre!

MARC

LEADER 00000cam a2200000 a 4500
001 UCC9395
003 CL-VaPUC
005 20210914100409.0
008 190927e20010000it |||||||||||||||||ita|d
999 |c 375576  |d 375574 
020 |a 8883195949 
040 |c Pontificia Universidad Católica de Valparaíso 
082 0 4 |a 305.409 CAP 2001  |2 21 
100 0 |a Capra, Galeazzo Flavio  |e author  |9 604430 
245 1 0 |a Della eccellenza e dignità delle donne 
250 |a 2a. ed 
260 |a Roma, Italia.  |b Bulzoni Editore,  |c 2001 
300 |a 155 páginas 
490 0 |a Biblioteca del Cinquecento, 40 
583 |a last modification  |c 20190927 15:31:00  |k Rodrigo Vera 
650 0 |a Mujeres en la historia   |9 283363 
942 |c BK  |2 ddc 
945 |d 20190927 15:31:00  |a dcastane 
952 |0 0  |1 0  |2 ddc  |3 erb  |4 0  |6 305_409000000000000_CAP_2001  |7 0  |8 A  |9 494582  |a BIBEDU  |b BIBEDU  |i 5561760  |o 305.409 CAP 2001  |p 5561760  |r 2019-11-24  |w 2019-11-24  |y BK  |z Catalogado en:20190927  |k FIL